Detalles MARC
| 000 -LIDER |
| fixed length control field |
01668nam a22003377a 4500 |
| 003 - IDENTIFICACDOR DE NÚMERO DE CONTROL |
| control field |
DO-SdBNP |
| 005 - DATE AND TIME OF LATEST TRANSACTION |
| control field |
20231214080206.0 |
| 008 - ELEMENTOS DE LONGITUD FIJA |
| fixed length control field |
210426b 2021 dr 00| 0 spa d |
| 020 ## - ISBN |
| International Standard Book Number |
9789945178616 |
| 040 ## - FUENTE DE CATALOGACIÓN |
| Agencia que crea de manera original el registro |
BPMSU |
| Idioma de catalogación |
spa |
| Agencia que realiza la transcripción |
BPMSU |
| 082 #4 - NÚMERO DE CLASIFICACIÓN DECIMAL DE DEWEY |
| Classification number |
RD863.5 |
| Item number |
V156c 2021 |
| Edition number |
22 |
| 092 ## - LOCALLY ASSIGNED DEWEY DECIMAL CALL NUMBER |
| Número de clasificación |
|
| 100 1# - ASIENTO PRINCIPAL -- NOMBRE PERSONAL |
| Nombre personal |
Valentín, Bilda |
| Fechas asociadas con el nombre |
|
| 245 10 - MENCIÓN DE TITULO |
| Título |
¿Conocido o amigo? / |
| Mención de responsabilidad |
Bilda Valentín ; ilustración: Henry Cid ; investigación: Laura V. Sánchez-Vincitore ; coordinación pedagógica: Cledenin Veras |
| 260 ## - PUBLICACIÓN, DISTRIBUCIÓN, ETC. (PIE DE IMPRENTA) |
| Lugar de publicación, distribución, etc |
Santo Domingo: |
| Nombre del editor, distribuidor, etc. |
Agencia de los Estados Unidos para el Desarrollo Internacional (USAID) ; |
| -- |
Universidad Iberoamericana (UNIBE), |
| Fecha de publicación, distribución, etc |
2021 |
| 300 ## - DESCRIPCIÓN FÍSICA |
| Extensión |
40 p. : |
| Otros detalles físicos |
ils. ; |
| Dimensiones |
21 cm. |
| 490 0# - MENCIÓN DE SERIES |
| Mención de serie |
La liga de la esperanza, |
| Volume/sequential designation |
17 |
| 500 ## - NOTA GENERAL |
| Materiales especificados |
|
| 505 0# - NOTA DE CONTENIDO |
| Texto normalizado de contenido |
Tipologías textuales-- Narraciones literaria -- Diálogo -- Instrucciones para hacer un video -- Guion de un video. |
| 520 ## - RESUMEN, ETC. |
| Nota de resumen, etc. |
Arelis, una joven tímida y estudiante de la Escuela Mamá Tingó, está metida en un grave problema. Intenta pedir ayuda a Ashly, pero no es clara. Finalmente, la Liga de la Esperanza descubre que Arelis no solo es acosada por las redes, sino que podría correr un peligro mayor. Con ayuda de la Liga y el orientador el asunto se controla. |
| 590 ## - NOTA LOCAL |
| Texto de la nota local |
Inventariado, 2023/VM |
| 650 #4 - ENCABEZAMIENTO DE MATERIA--TEMÁTICO |
| Término temático o nombre geográfico como elemento de entrada |
Cuentos juveniles dominicanos |
| 650 #4 - ENCABEZAMIENTO DE MATERIA--TEMÁTICO |
| Término temático o nombre geográfico como elemento de entrada |
Literatura juvenil dominicana |
| 650 #4 - ENCABEZAMIENTO DE MATERIA--TEMÁTICO |
| Término temático o nombre geográfico como elemento de entrada |
Cibereacoso |
| Subdivisión de forma |
Cuentos |
| 650 #4 - ENCABEZAMIENTO DE MATERIA--TEMÁTICO |
| Término temático o nombre geográfico como elemento de entrada |
Redes sociales |
| Subdivisión de forma |
Cuentos |
| 700 1# - ASIENTO SECUNDARIO -- NOMBRE PERSONAL |
| Materiales especificados |
Cid, Henry |
| Mención de responsabilidad |
ilustraciones |
| 700 1# - ASIENTO SECUNDARIO -- NOMBRE PERSONAL |
| Materiales especificados |
Sánchez-Vincitore, Laura V. |
| Mención de responsabilidad |
investigadora |
| 700 1# - ASIENTO SECUNDARIO -- NOMBRE PERSONAL |
| Materiales especificados |
Veras, Cledenin |
| Mención de responsabilidad |
investigador pedagógico |
| 910 ## - VALIDACIÓN |
| Validación |
VMateo V. Control de calidad. BPMSU |
| 942 ## - ADDED ENTRY ELEMENTS (KOHA) |
| Source of classification or shelving scheme |
Dewey Decimal Classification |
| Koha item type |
Libros |